Clasificaciones de Suecia en la Eurocopa - Estadísticas

Estadísticas generales
  • Esta prueba ha sido intentada 16 veces
  • La puntuación promedio es 3 de 7
Estadísticas de respuestas
Hint Respuesta % Correcto
2012 Fase de grupos
64%
2004 Cuartos de final
55%
2008 Fase de grupos
55%
2016 Fase de grupos
45%
2020 Octavos de final
45%
2000 Fase de grupos
36%
1992 Semifinal
18%
No se encontraron pruebas coincidentes
Distribución de puntuación
Porcentaje de gente con cada puntuación
Porcentaje por número respondido
Historial de tus puntuaciones
No has intentado esta prueba.